000 00701nam a2200289Ia 4500
005 20260324123744.0
008 008 260324s9999 xx 000 0 eng d
020 _a9781315703060
037 _aEBOOK
040 _aCRL
040 _beng
040 _cCRL
041 _2eng
041 _aeng
084 _qCRL
100 _aJames H Svara; Norman J. Johnson
_91171526
245 0 _aJustice for All
245 0 _bPromoting Social Equity in Public Administration
260 _bTaylor and Francis
260 _c2011
365 _a
365 _b265
856 _uhttp://www.taylorfrancis.com/books/9781315703060
942 _cEBOOK
999 _c1765315
_d1765315